<?xml version="1.0" encoding="UTF-8"?>
<record
    xmlns:xsi="http://www.w3.org/2001/XMLSchema-instance"
    xsi:schemaLocation="http://www.loc.gov/MARC21/slim http://www.loc.gov/standards/marcxml/schema/MARC21slim.xsd"
    xmlns="http://www.loc.gov/MARC21/slim">

  <leader>00784nam a2200169   4500</leader>
  <controlfield tag="005">20240524135702.0</controlfield>
  <controlfield tag="008">240524b        sp |||||||| |||| 00| 0 spa d</controlfield>
  <datafield tag="020" ind1=" " ind2=" ">
    <subfield code="a">9788417975876</subfield>
  </datafield>
  <datafield tag="050" ind1="0" ind2="4">
    <subfield code="a">Z286.A55 </subfield>
    <subfield code="b">L53 2023</subfield>
  </datafield>
  <datafield tag="245" ind1="0" ind2="0">
    <subfield code="a">Libreros de viejo en la Ciudad de M&#xE9;xico : </subfield>
    <subfield code="b">cr&#xF3;nica de la compraventa de libros en la segunda mitad del siglo XX, contada por algunos de sus protagonistas</subfield>
    <subfield code="c">/ entrevistados por Mercurio L&#xF3;pez Casillas.</subfield>
  </datafield>
  <datafield tag="250" ind1=" " ind2=" ">
    <subfield code="a">1a ed. </subfield>
  </datafield>
  <datafield tag="260" ind1=" " ind2=" ">
    <subfield code="a">Barcelona, Espa&#xF1;a ; </subfield>
    <subfield code="b">Editorial RM, |</subfield>
    <subfield code="a">Ciudad de M&#xE9;xico : </subfield>
    <subfield code="c">MMXXIII [2023].</subfield>
  </datafield>
  <datafield tag="300" ind1=" " ind2=" ">
    <subfield code="a">222 paginas : </subfield>
    <subfield code="b">ilustraciones, </subfield>
    <subfield code="c">22 cm.</subfield>
  </datafield>
  <datafield tag="650" ind1=" " ind2="7">
    <subfield code="2">lemb</subfield>
    <subfield code="a">Libreros antiguos</subfield>
    <subfield code="v">Entrevistas.</subfield>
    <subfield code="y">Siglo XX </subfield>
    <subfield code="z">Ciudad de M&#xE9;xico, M&#xE9;xico,  </subfield>
  </datafield>
  <datafield tag="700" ind1="1" ind2=" ">
    <subfield code="a">L&#xF3;pez Casillas, Mercurio,</subfield>
    <subfield code="e">entrevistadora.</subfield>
  </datafield>
  <datafield tag="942" ind1=" " ind2=" ">
    <subfield code="2">lcc</subfield>
    <subfield code="c">LIB</subfield>
  </datafield>
  <datafield tag="999" ind1=" " ind2=" ">
    <subfield code="c">170308</subfield>
    <subfield code="d">170306</subfield>
  </datafield>
  <datafield tag="952" ind1=" " ind2=" ">
    <subfield code="1">0</subfield>
    <subfield code="2">lcc</subfield>
    <subfield code="4">0</subfield>
    <subfield code="7">0</subfield>
    <subfield code="a">INV-033</subfield>
    <subfield code="b">INV-033</subfield>
    <subfield code="c">GENERAL</subfield>
    <subfield code="d">2024-05-24</subfield>
    <subfield code="e">PI</subfield>
    <subfield code="f">1a ed.</subfield>
    <subfield code="i">H</subfield>
    <subfield code="k">EH</subfield>
    <subfield code="l">0</subfield>
    <subfield code="o">Z286.A55 L53 2023</subfield>
    <subfield code="p">IIH000036176</subfield>
    <subfield code="r">2024-05-24 14:58:27</subfield>
    <subfield code="t">1</subfield>
    <subfield code="v">1.00</subfield>
    <subfield code="y">LIB</subfield>
  </datafield>
</record>
